| 000 | 00547nam a2200193 i 4500 | ||
|---|---|---|---|
| 001 | bg | ||
| 245 | 0 | 0 |
_aPrawo dewizowe - ustawa z 18 grudnia 1998 r. : _btekst ujednolicony. |
| 250 | _aStan prawny na dzieĆ 1 stycznia 2002 roku. | ||
| 260 |
_aSkierniewice : _b"Framax", _c2002. |
||
| 300 |
_a40 s. : _b21 cm. |
||
| 650 | 9 |
_aDewizy _xprawo _zPolska _ystan na 2002 r. |
|
| 020 | _a8388113283 | ||
| 040 | _cBPK | ||
| 041 | 0 | _apol | |
| 080 | _a346.58(438) | ||
| 920 | _a83-88113-28-3 | ||
| 942 | _cKS | ||
| 008 | s pl f |000 0 pol | ||
| 999 |
_c35391 _d35391 |
||
| 856 |
_uhttp://koha.tu.koszalin.pl/cgi-bin/koha/opac-detail.pl?biblionumber=35391 _yKatalog online BPK |
||